Penzijní fondy vyspělých tržních ekonomik

V západnej Európe prebieha obdobie revízie penzijných systémov. Penzijné fondy prispievajú k otrasom na svetových finančných trhoch. Finančná zraniteľnosť penzijných fondov voči opatreniam zo strany vlád. Problémy penzijných fondov plynúce zo zjednotenia trhu krajín ES.

Salvato in:
Dettagli Bibliografici
Autore principale: Brožová, A.
Natura: Capitolo di libro
Lingua:ceco
Soggetti:
Tags: Aggiungi Tag
Nessun Tag, puoi essere il primo ad aggiungerne!!

MARC

LEADER 00000naa a2200000 4500
001 r024013
005 20221213081757.4
041 0 |a cze 
044 |a CZ 
245 1 0 |a Penzijní fondy vyspělých tržních ekonomik  |c A. Brožová 
520 |a V západnej Európe prebieha obdobie revízie penzijných systémov. Penzijné fondy prispievajú k otrasom na svetových finančných trhoch. Finančná zraniteľnosť penzijných fondov voči opatreniam zo strany vlád. Problémy penzijných fondov plynúce zo zjednotenia trhu krajín ES. 
610 2 0 |a fondy penzijné 
610 2 0 |a západná Európa 
610 2 0 |a Veľká Británia 
610 2 0 |a Európske spoločenstvá 
610 2 0 |a trh finančný 
100 1 |a Brožová, A.